000 00673cam a22002533a 4500
001 25226
003 PGUSA
005 20140828083537.0
008 080428s2008||||xxu|||||s|||||000 1 eng d
040 _aPGUSA
_beng
042 _adc
050 4 _aPL
100 1 _aQuyuan
245 1 0 _a負曝閒談
_h[electronic resource] /
_cQuyuan
260 _bProject Gutenberg,
_c2008
506 _aPublic domain in the USA.
516 _aElectronic text
653 _aChinese fiction -- Qing dynasty, 1644-1912
740 0 _a负曝闲谈
740 0 _aFu pu xian tan
830 0 _aProject Gutenberg
_v25226
856 4 0 _uhttp://www.gutenberg.org/ebooks/25226
942 _cEB
999 _c254481
_d254481